[Event "Johannesburg Gauteng op"]
[Site "Johannesburg"]
[Date "2017.05.06"]
[Round "5"]
[White "Jere, Daniel"]
[Black "Mfundisi, Sandile"]
[Result "1-0"]
[WhiteElo "2390"]
[BlackElo "1862"]
[PlyCount "81"]
[EventDate "2017.05.03"]
[EventType "swiss"]
[EventRounds "7"]
[EventCountry "RSA"]
[SourceTitle "CBM 178 Extra"]
[Source "ChessBase"]
[SourceDate "2017.06.22"]
[SourceVersion "1"]
[SourceVersionDate "2017.06.22"]
[SourceQuality "1"]

1. c4 Nf6 2. g3 e6 3. Bg2 d5 4. Nf3 Be7 5. 0-0 0-0 6. b3 c5 7. Bb2 d4 8. e3 Nc6 9. exd4 cxd4 10. Re1 Qd6 11. Na3 a6 12. d3 e5 13. Nc2 Qc7 14. Qe2 Bd6 15. a3 a5 16. Rab1 Re8 17. Bc1 e4 18. Nfxd4 Bg4 19. Qd2 exd3 20. Qxd3 Nxd4 21. Qxd4 Bf5 22. Rxe8+ Rxe8 23. Qd1 Rd8 24. Qe2 Be5 25. Bb2 Bxb2 26. Rxb2 Bd3 27. Qe1 Re8 28. Ne3 Qe5 29. Rd2 Qc3 30. Qd1 Be4 31. Rd8 Bxg2 32. Rxe8+ Nxe8 33. Kxg2 Kf8 34. Nd5 Qb2 35. Qe1 Qxa3 36. b4 Qa4 37. Qe7+ Kg8 38. b5 h6 39. Qxe8+ Kh7 40. Qxf7 Qa1 41. Ne7 1-0

[Event "Johannesburg Gauteng op"]
[Site "Johannesburg"]
[Date "2017.05.04"]
[Round "2"]
[White "Marx, Inge"]
[Black "Mfundisi, Sandile"]
[Result "0-1"]
[WhiteElo "1668"]
[BlackElo "1862"]
[PlyCount "92"]
[EventDate "2017.05.03"]
[EventType "swiss"]
[EventRounds "7"]
[EventCountry "RSA"]
[SourceTitle "CBM 178 Extra"]
[Source "ChessBase"]
[SourceDate "2017.06.22"]
[SourceVersion "1"]
[SourceVersionDate "2017.06.22"]
[SourceQuality "1"]

1. e4 e5 2. Nf3 Nc6 3. Bc4 Nf6 4. d3 Bc5 5. c3 d6 6. Bb3 0-0 7. Nbd2 d5 8. Qe2 Re8 9. Nf1 h6 10. h3 Be6 11. Bc2 b5 12. g4 dxe4 13. dxe4 Bc4 14. Qd2 Qe7 15. Ng3 Rad8 16. Nf5 Qf8 17. Nxh6+ gxh6 18. Qxh6 Qxh6 19. Bxh6 Bd3 20. 0-0-0 Bxe4 21. g5 Bxf3 22. Rhg1 Nd5 23. Rd2 Nf4 24. g6 Rxd2 25. gxf7+ Kxf7 26. Rg7+ Kf6 27. Kxd2 Bxf2 28. Rxc7 Rd8+ 29. Kc1 Be3+ 30. Kb1 Rg8 31. a3 a5 32. h4 Rg1+ 33. Ka2 Bd5+ 34. c4 Bxc4+ 35. b3 Bd5 36. Bg5+ Ke6 37. Rh7 Bd4 38. Rh6+ Kf7 39. Rf6+ Kg7 40. Bb1 Rg2+ 41. Bc2 Rxc2+ 42. Kb1 Be4 43. h5 Bc3 44. h6+ Kg8 45. Rxc6 Rb2+ 46. Kc1 Rb1# 0-1

[Event "Boksburg Inter Region-ch"]
[Site "Boksburg"]
[Date "2016.12.21"]
[Round "4.4"]
[White "Naidu, Sayen"]
[Black "Mfundisi, Sandile"]
[Result "1/2-1/2"]
[WhiteElo "1783"]
[BlackElo "1765"]
[PlyCount "39"]
[EventDate "2016.12.20"]
[EventType "team-swiss"]
[EventRounds "7"]
[EventCountry "RSA"]
[SourceTitle "CBM 176 Extra"]
[Source "ChessBase"]
[SourceDate "2017.03.02"]
[SourceVersion "1"]
[SourceVersionDate "2017.03.02"]
[SourceQuality "1"]
[WhiteTeam "Ethekwini"]
[BlackTeam "White Team"]
[WhiteTeamCountry "RSA"]
[BlackTeamCountry "RSA"]

1. d4 Nf6 2. c4 c5 3. Nf3 cxd4 4. Nxd4 g6 5. Nc3 Bg7 6. e4 Nc6 7. Be3 Nxd4 8. Qxd4 d6 9. Be2 0-0 10. Qd3 Be6 11. 0-0 Rc8 12. Nd5 Nd7 13. Qd2 Nc5 14. f3 Qd7 15. Rac1 Bxd5 16. exd5 Qa4 17. b3 Qa3 18. Rc2 Na6 19. Qc1 Qxc1 20. Rcxc1 1/2-1/2

[Event "RSA-chT Regions"]
[Site "Cape Town"]
[Date "2016.01.10"]
[Round "7.4"]
[White "Van Wyk, Anton"]
[Black "Mfundisi, Sandile"]
[Result "0-1"]
[WhiteElo "1554"]
[BlackElo "1670"]
[PlyCount "40"]
[EventDate "2016.01.08"]
[EventType "team-swiss"]
[EventRounds "7"]
[EventCountry "RSA"]
[SourceTitle "CBM 170 Extra"]
[Source "ChessBase"]
[SourceDate "2016.02.25"]
[SourceVersion "1"]
[SourceVersionDate "2016.02.25"]
[SourceQuality "1"]
[WhiteTeam "Tshwane Youth"]
[BlackTeam "Johannesburg Metro"]
[WhiteTeamCountry "RSA"]
[BlackTeamCountry "RSA"]

1. e4 e5 2. Nf3 Nf6 3. Nxe5 d6 4. Nf3 Nxe4 5. d4 d5 6. Bd3 Bd6 7. Nc3 Nxc3 8. bxc3 0-0 9. Bxh7+ Kxh7 10. Ng5+ Kg8 11. Qh5 Bf5 12. 0-0 Nd7 13. f4 Nf6 14. Qh4 Re8 15. h3 Ne4 16. g4 Nxg5 17. fxg5 Bg6 18. Qf2 Qe7 19. h4 Qe2 20. Qxe2 Rxe2 0-1

[Event "RSA-chT Regions"]
[Site "Cape Town"]
[Date "2016.01.09"]
[Round "5.4"]
[White "Mfundisi, Sandile"]
[Black "Nelson, William JH"]
[Result "1-0"]
[WhiteElo "1670"]
[BlackElo "1863"]
[PlyCount "31"]
[EventDate "2016.01.08"]
[EventType "team-swiss"]
[EventRounds "7"]
[EventCountry "RSA"]
[SourceTitle "CBM 170 Extra"]
[Source "ChessBase"]
[SourceDate "2016.02.25"]
[SourceVersion "1"]
[SourceVersionDate "2016.02.25"]
[SourceQuality "1"]
[WhiteTeam "Johannesburg Metro"]
[BlackTeam "Tshwane II"]
[WhiteTeamCountry "RSA"]
[BlackTeamCountry "RSA"]

1. e4 c5 2. d4 cxd4 3. c3 dxc3 4. Nxc3 Nc6 5. Nf3 e6 6. Bc4 Qc7 7. 0-0 a6 8. Qe2 Nf6 9. Rd1 d6 10. Bf4 Ne5 11. Bxe5 dxe5 12. Rac1 Qb8 13. Bb5+ axb5 14. Nxb5 Bd7 15. Nc7+ Kd8 16. Nxa8 1-0

[Event "RSA-chT Regions"]
[Site "Cape Town"]
[Date "2016.01.08"]
[Round "1.4"]
[White "Aldum, Johannes"]
[Black "Mfundisi, Sandile"]
[Result "0-1"]
[WhiteElo "1502"]
[BlackElo "1670"]
[PlyCount "86"]
[EventDate "2016.01.08"]
[EventType "team-swiss"]
[EventRounds "7"]
[EventCountry "RSA"]
[SourceTitle "CBM 170 Extra"]
[Source "ChessBase"]
[SourceDate "2016.02.25"]
[SourceVersion "1"]
[SourceVersionDate "2016.02.25"]
[SourceQuality "1"]
[WhiteTeam "Ekurhuleni"]
[BlackTeam "Johannesburg Metro"]
[WhiteTeamCountry "RSA"]
[BlackTeamCountry "RSA"]

1. e4 e5 2. Bc4 Nf6 3. d3 Nc6 4. Be3 d5 5. exd5 Nxd5 6. Nc3 Nxe3 7. fxe3 Bc5 8. Qf3 0-0 9. 0-0-0 Qg5 10. Nd5 Nd4 11. Qf2 Nf5 12. Nf3 Bxe3+ 13. Nxe3 Qxe3+ 14. Qxe3 Nxe3 15. Rde1 Nxc4 16. dxc4 f6 17. Re3 Be6 18. b3 Rad8 19. Rd3 Rxd3 20. cxd3 Rd8 21. Rd1 Bg4 22. h3 Bxf3 23. gxf3 Rd4 24. Kd2 c5 25. Re1 Kf7 26. Re4 Rxe4 27. dxe4 Kg6 28. Ke2 Kg5 29. Kf2 Kh4 30. Kg2 g5 31. a3 h5 32. b4 b6 33. bxc5 bxc5 34. a4 a5 35. Kh2 g4 36. hxg4 hxg4 37. Kg2 g3 38. Kg1 Kh3 39. Kh1 g2+ 40. Kg1 Kg3 41. f4 exf4 42. e5 f3 43. exf6 f2# 0-1